000 02056nam a22002777a 4500
001 1309
005 20250527162517.0
020 _a9789996305528
040 _aFISKH
_beng
_cFISKH
_dFISKH
082 _a646.724
100 _aSodany, Ouch
245 _aនាងសក់ប្រាក់ /
_cអ៊ូច សូដានី - ញឹក សុផាលាភ
250 _aបោះពុម្ពលើកទី ៧ ខែមិថុនា ឆ្នាំ ២០២២
260 _aPhnom Penh :
_bSipar,
_c2022.
300 _a43 pages :
_bcolor illustrations ;
_c20 cm
490 _aខ្ញុំអានបាន
505 _aY
520 _aនៅភូមិគង្គា ប្រជាពលរដ្ឋជួបប្រទះបញ្ហាលំបាកដោយការខ្វះខាតទឹកប្រើប្រាស់។ នៅមិនឆ្ងាយពីភូមិ គ្រួសារមួយមានកូនស្រីម្នាក់ខុសគេ ដោយសារនាងមានសក់ពណ៍ប្រាក់ ហើយសក់នោះលូតលឿនខុសធម្មតា។ ប៉ុន្តែគ្មានអ្នកក្រៅណាដឹងពីគុណប្រយោជន៍នៃសក់នេះទេ លើកលែងលោកម្ខាស់ដ៏កំណាញ់ម្នាក់ក្នុងភូមិ។
520 _aIn Kongkea village, people face difficulties due to a lack of water. Not far from the village, a family has a daughter that is different from others because she has silver hair that grows abnormally fast. No one knows the benefits of this hair, except for one stingy guy.
521 _a890
_bLexile estimate
521 _aY
_bRaz-Plus
650 _aសក់ប្រាក់
_vសេដ្ឋី
_xភាសន៍ខ្លួន
_yមិត្តភាព​
650 _asilver hair
_vWealthy man
_xRun away
_yFriendship
700 _aSophaleap, Nhoek
_cillustrator
942 _2ddc
_cBK
_n0
999 _c1309
_d1309